000 00743nam a2200229 i 4500
001 124618
003 ES-MaACL
005 20230906192443.0
007 t|
008 070410s1933 sp |||| | spa d
080 _a930.1
100 1 _aJaspers, Karl.
_966154
245 1 0 _aAmbiente espiritual de nuestro tiempo /
_cKarl Jaspers ; traducción directa del alemán por Ramón de la Serna.
260 _aBarcelona :
_bLabor,
_c[1933]
300 _a207 p. ;
_c17 cm.
490 1 _aColección Labor.
_aFilosofía ;
_v346
650 4 _aHistoria-
_xFilosofía.
_913380
700 1 _aSerna y Espina, Ramón de la.
_9105587
830 0 _aColección Labor.
_aFilosofía ;
_v346
_9219019
852 _aES-MaACL
_jE-2828
999 _c124618
_d124618